Responses for Show #7391 - Monday, October 31, 2016

Contestants

[<< previous game]

Thea Lawton, a nonprofit resource development specialist from Anchorage, Alaska

Jon Frank, a director of marketing and corporate relationships from Washington, D.C.

Julia Lee, a pharmacy student from San Bruno, California (whose 1-day cash winnings total $6,599)

[next game >>]

Jeopardy! Round responses

WHERE AM I?
PILOT WEAR
LIKE A ROCK
ABBREVIATED REALITY SHOWS
MY CABINET DEPARTMENT
THE '50s
    $200 25
Chicago

Jon
    $200 12
Boeing

Julia
    $200 3
a slate

Thea
    $200 1
Dancing with the Stars

Julia
    $200 16
Department of Homeland Security

Julia
    $400 8
Silicon Valley

Julia
    $400 13
(Julia: What are sunglasses?)
(Alex: Be more specific.)
(Julia: Uh, [*].)

aviators

Julia
    $1,000 4
(Alex: You have $600. You can risk--)
(Thea: I'll--I'll bet $600.)
(Alex: You can risk up to $1,000, you know.)
(Thea: Oh, that's right. Okay, make it a True Daily Double.)
(Alex: No.)
(Thea: No, make it $1,000, please.)
[Laughter]
(Alex: Okay. All right. You finally made up your mind. That's good.)
...
(Alex: Thea?)
(Thea: Just can't think of it.)
(Alex: No. Did you forget the category? LIKE A ROCK. We're going for [*]. [*]. So you're at -$400. Who talked you into going for a full $1,000?)
(Thea: Yeah, who was that?)
(Alex: Yeah. Go again.)

quarry

Thea
    $400 2
Real Housewives of New Jersey

Thea
    $400 17
Labor

Julia
    $400 24
the Giants & Dodgers

Julia
    $600 20
Ohio

Jon
    $600 14
a scarf

Thea
    $600 5
Pebble Beach

Julia
    $600 9
Duck Dynasty

Julia
    $600 18
Treasury

Julia
    $800 21
the Schuylkill River

Triple Stumper
    $800 15
wings

Jon
    $800 6
gravelly

Thea
    $800 10
Ghost Hunters

Thea
    $800 19
(Jon: What is Navy?)

the War Department

Jon
Triple Stumper
    $800 28
[The end-of-round signal sounds.]

Sputnik 1

Triple Stumper
    $1000 22
Santa Fe

Triple Stumper
    $1000 23
(Alex: Yes, less than a minute now.)

epaulets

Thea
    $1000 7
marble cake

Thea
    $1000 11
Little People, Big World

Julia
    $1000 26
(Jon: What is Energy?)
(Thea: What is EPA?)

the Interior Department

JonThea
Triple Stumper
    $1000 27
(James) Watson

Jon

Scores at the first commercial break (after clue 15):

Julia Jon Thea
$3,400 $800 $2,800

Scores at the end of the Jeopardy! Round:

Julia Jon Thea
$5,000 $800 $2,800

Double Jeopardy! Round responses

HALLOWEEN ENTERTAINMENT
BRIT BITS
PLANTS WITH ANIMAL NAMES
"BING"
HOW NOVEL
THE 50s
    $400 8
Main Street

Julia
    $400 5
(Thea: What is Parliament?)
(Alex: Be more specific.)
(Thea: What is the House of Parliament? Houses of Parliament?)

the House of Commons

JuliaThea
    $400 9
snapdragons

Thea
    $400 1
webbing

Julia
    $400 28
Edgar Allan Poe

Thea
    $800 14
the Great Pumpkin

Julia
    $800 6
jolly

Julia
    $2,000 10
tiger lily

Thea
    $800 2
tubing

Thea
    $800 17
Zelda Fitzgerald

Thea
    $800 23
Area 51

Jon
    $1200 15
a ghost

Jon
    $1200 7
Day-Lewis

Thea
    $1200 11
a dogwood

Thea
    $1200 3
ribbing

Thea
    $1200 18
East of Eden

Julia
    $1200 25
the Love Bug (or Herbie)

Thea
    $1600 16
(Jon: What is "Werewolves In London"?)
(Alex: Say it again.)
(Jon: What is "Werewolves In London"?)

"Werewolves Of London"

JonThea
    $4,000 13
(Thea: I'll say John.)
...
(Alex: [*] II, father of Richard the Lionheart and King John.)

Henry

Thea
    $1600 12
brushy horsetail

Triple Stumper
    $1600 4
Hibbing

Triple Stumper
    $1600 19
Lucy Maud Montgomery

Triple Stumper
    $1600 27
(Jon: What is Spain?)

Mexico

Jon
Triple Stumper
    $2000 20
Season of the Witch

Triple Stumper
    $2000 26
Model Army

Triple Stumper
    $2000 21
a monkey puzzle tree

Thea
    $2000 24
(Alex: Less than a minute to go now.)

Binghamton

Julia
    $2000 22
The Land that Time Forgot

Triple Stumper
    $2000 29
[The end-of-round signal sounds.]

the 59th Street Bridge

Thea

Scores at the end of the Double Jeopardy! Round:

Julia Jon Thea
$11,000 -$400 $13,200

[wagering suggestions for these scores]

Final Jeopardy! Round responses

TECHNOLOGY
JuliaWhat is iTunes?
$6,601
TheaWhat is podcasting?
$11,200
podcasting

Final scores:

Julia Jon Thea
$4,399 -$400 $24,400
2nd place: $2,000 3rd place: $1,000 New champion: $24,400

Game dynamics:

Coryat scores:

Julia Jon Thea
$11,000 -$400 $17,000
18 R,
0 W
6 R,
4 W
19 R
(including 1 DD),
4 W
(including 2 DDs)

Combined Coryat: $27,600

[game clues] [game scores] [suggest correction]

Game tape date: Unknown
The J! Archive is created by fans, for fans. Scraping, republication, monetization, and malicious use prohibited; this site may use cookies and collect identifying information. See terms. The Jeopardy! game show and all elements thereof, including but not limited to copyright and trademark thereto, are the property of Jeopardy Productions, Inc. and are protected under law. This website is not affiliated with, sponsored by, or operated by Jeopardy Productions, Inc. Join the discussion at JBoard.tv.